00486nam a2200193 a 4500001001300000003000900013005001700022008004100039020001200080082001700092100001400109245003200123260003200155300000900187500003500196505002600231650002100257700001400278nice12345678IN_TiNIC20260116011830.0050524s1975 enga grp 000 0 eng  ac83.7500a296.155bVER aVermes, G aDead Sea Scrolls in English aEnglandbPenguin Bookc1975 a281p aincludes index and biblioraphy2 aappendix, bibl. index aDead Sea Scrolls1 aVermes, G